000 00338nam a2200157Ia 4500
100 _aRajput/R.S
650 _aFluid Mechanics
250 _a6
942 _cBK
366 _f20
654 _ahydraulics
245 _aText book of fluid mechanics and hydraulics
260 _bS.Chand & Co.
_c1998
082 _bRAJ
546 _aENGLISH
999 _c28567
_d28567